Lanean...

ഒരു സാധകന്റെ സഞ്ചാരം; ഒരു റഷ്യ൯ തീ൪ത്ഥാടകന്റെ ആത്മകഥ

Xehetasun bibliografikoak
Beste egile batzuk: സിദ്ധിനാഥാനന്ദസ്വാമി, വിവ, Siddinadananda Swami, Tr
Formatua: Printed Book
Argitaratua: Trichur; Swami Sakrananda; 1985
Edizioa:3rd / 1st(1969)
Gaiak:
LEADER 00909nam a22001817a 4500
082 |a FRE/O M5  |b 920 
240 |a Oru Sadhakante Sancharam; The Way of a Pilgrim & The Pilgrim Continues His Way Malayalam 
245 |a ഒരു സാധകന്റെ സഞ്ചാരം;  |b ഒരു റഷ്യ൯ തീ൪ത്ഥാടകന്റെ ആത്മകഥ 
250 |a 3rd / 1st(1969) 
260 |a Trichur;  |b Swami Sakrananda;  |c 1985 
300 |a xvi;336p. 
650 |a മലയാളം; ആത്മകഥ  |9 223200 
650 |a Malayalam; Auto Biography  |9 223201 
700 |a സിദ്ധിനാഥാനന്ദസ്വാമി, വിവ.  |9 223202 
700 |a Siddinadananda Swami, Tr.  |9 223203 
942 |c BK 
999 |c 44432  |d 44432 
952 |0 0  |1 0  |4 0  |6 920_000000000000000_FRE_O_M5  |7 0  |8 Auto Biogr  |9 51437  |a MAL  |b MAL  |d 2015-11-13  |e 37812  |g 15.00  |l 0  |o 920 FRE/O M5   |p MAL037812  |r 2015-11-13  |t 1  |w 2015-11-13  |y BK